000 00494nam a2200205Ia 4500
008 210210b1929 xxu||||| |||| 00| 0 eng d
041 _aeng
082 _a535/30
100 _aEMELEUS (K G)
245 _aConduction of electricity through gases
260 _aLondon
_bMethuen & Co. Ltd.
_c1929
300 _ax,134
650 _athrough
650 _agases
650 _aelectricity
650 _aConduction
690 _aElectricity
700 _aRICHARDSON (O W)
906 _a008648
999 _c126518
_d126518